Estudio de prefactibilidad para construccion de casa de maquinas subterranea en el proyecto hidroelectrico Ayil 22-IV

محفوظ في:
التفاصيل البيبلوغرافية
المؤلف الرئيسي: Bellavita Loria, Adrian
التنسيق: أطروحة كتاب
اللغة:Undetermined
منشور في: 1992
الموضوعات:
الوسوم: إضافة وسم
لا توجد وسوم, كن أول من يضع وسما على هذه التسجيلة!

MARC

LEADER 00000nam a2200000Ia 4500
001 5438
008 140114s9999 xx 000 0 und d
100 |a Bellavita Loria, Adrian 
245 |a Estudio de prefactibilidad para construccion de casa de maquinas subterranea en el proyecto hidroelectrico Ayil 22-IV 
260 |c 1992 
500 |a NULL 
502 |a Escuela de ingenieria Civil 
650 |z ESTUDIO DE PREFACTIBILIDAD 
999 |c 11675  |d 11675